000 00424nam a2200181Ia 4500
001 5221
005 20260306145852.0
008 260306t2017||||xx |||||||||||||| ||spa||
041 _aESP
082 _a338.20985
_bO44
100 _aOlivari Ortega, Jorge,
_eAUT
245 0 _aMinería aurífera Inca
260 _c2017
300 _a247 páginas :
_c26 cm.
650 _aGEN
654 _aCAN
942 _cLIB
_dJUS
_fJUS
_2ddc
_n
999 _c5221
_d5221